000 00851nam a2200193Ii 4500
003 JO-AjNU
008 230605s9999||||xx |||||||||||||| ||und||
040 _aJO-AjNU
_bara
_erda
_cJO-AjNU
041 _aara
050 1 4 _aQA76.9.A25 H35 2007
100 3 _aالحمامي، علاء حسين / م مشارك سعد عبد العزيز العاني,
_eauthor
_929452
245 0 0 _a تكنولوجيا أمنية المعلومات و أنظمة الحماية= Technology of Information Security and protection systems
264 3 1 _aعمان:دار وائل للنشر والتوزيع ، 2007
300 _a464ص
_b ببليوجرافيا : ص 458 - 464
336 _atext
_btxt
_2rdacontent
337 _aunmediated
_bn
_2rdamedia
338 _avolume
_bnc
_2rdacarrier
650 4 _aحاسبات الاكترونيه- امن معلومات
_929453
999 _aA11555
_c15123
_d15123